Bezirk Gros-De-Vaud - Statistiken

Allgemein
  • Dieses Quiz wurde 22 mal gespielt
  • Das Durchschnittsergebnis liegt bei 9 aus 36
Antwortstatistiken
Gemeinde Einwohner % Korrekt
Bottens 1351
100%
Vufflens-la-Ville 1337
100%
Daillens 1057
50%
Echallens 5812
50%
Essertines-sur-Yverdon 1081
50%
Lussery-Villars 482
50%
Mex 818
50%
Montanaire 2819
50%
Ogens 324
50%
Oulens-sous-Echallens 606
50%
Penthalaz 3209
50%
Penthaz 1923
50%
Penthéréaz 431
50%
Sullens 1168
50%
Villars-le-Terroir 1307
50%
Assens 1672
0%
Bercher 1359
0%
Bettens 650
0%
Boulens 382
0%
Bournens 511
0%
Boussens 1006
0%
Bretigny-sur-Morrens 877
0%
Cugy 2696
0%
Etagnières 1147
0%
Fey 737
0%
Froideville 2722
0%
Goumoëns 1171
0%
Jorat-Menthue 1563
0%
Montilliez 1894
0%
Morrens 1172
0%
Oppens 203
0%
Pailly 566
0%
Poliez-Pittet 846
0%
Rueyres 303
0%
Saint-Barthélemy 806
0%
Vuarrens 1107
0%
Keine übereinstimmenden Quizze gefunden
Verteilung der Resultate
Anzahl Personen mit jedem Resultat
Perzentil nach korrekt beantworteten Fragen
Ihre Resultats-Entwicklung
Sie haben dieses Quiz noch nicht gespielt